The Anatomy Of Wing (Record no. 572185)

MARC details
000 -LEADER
fixed length control field 00457nam a22001817a 4500
008 - FIXED-LENGTH DATA ELEMENTS--GENERAL INFORMATION
fixed length control field 250613b |||||||| |||| 00| 0 eng d
020 ## - INTERNATIONAL STANDARD BOOK NUMBER
ISBN 9781843549246
Paper back/Hardbound pbk
041 ## - LANGUAGE CODE
Language code of text/sound track or separate title eng
082 ## - DEWEY DECIMAL CLASSIFICATION NUMBER
Classification number 823.92 FOX
100 ## - MAIN ENTRY--AUTHOR NAME
Personal name Foxlee Karen
245 ## - TITLE STATEMENT
Title The Anatomy Of Wing
Statement of responsibility, etc / Karen Foxlee
250 ## - EDITION STATEMENT
Edition statement 1st ed
260 ## - PUBLICATION, DISTRIBUTION, ETC. (IMPRINT)
Place of publication London
Name of publisher Atlantic Books
Year of publication 2007
300 ## - PHYSICAL DESCRIPTION
Number of Pages 282p. :
Dimensions 22cm
650 ## - SUBJECT ADDED ENTRY--TOPICAL TERM
Topical Term english fiction
942 ## - ADDED ENTRY ELEMENTS (KOHA)
Koha item type English Books
Holdings
Withdrawn status Lost status Damaged status Not for loan Home library Current library Shelving location Date acquired Full call number Accession Number Price effective from Koha item type
        Anna Centenary Library Anna Centenary Library 4TH FLOOR, B WING 13.06.2025 823.92 FOX 383519 13.06.2025 English Books

Find us on the map